000 01359nam a2200217Ia 4500
003 Ost
005 20260507075509.0
008 260507s9999||||xx |||||||||||||| ||und||
020 _a9957000829
040 _cfsecg
041 _aara
082 _a350
100 _aمحمد، موفق حديد
_eمؤلف
245 0 _aالإدارة العامة :
_bهيكلة الأجهزة وصنع السياسات وتنفيد البرامج الحكومية /
_c موفق حديد محمد
260 _aعمان:
_bدار الشروق للنشر والتوزيع,
_c2007
300 _a277 صفحة؛
_bإيضاحات ؛
_c24 سم
504 _aببليوغرافيا:ص ص.269-277
520 _aمفهوم الإدارة العامة ووظائفها والمشاكل التي تعالجها،مساهمة الحضارات في تطور الفكر الإداري الحديث،بيئة الإدارة العامة وأثرها على السلوك التنظيمي،نظريات الإدارة العامة،العملية الإدارية ووظائف المدير،تصميم الهياكل التنظيمية الحكومية،القيادة واتخاذ القرارات في الأجهزة الحكومية،تنفيذ وتقييم البرامج الحكومية،الموازنة العامة
653 _aالإدارة العامة
942 _cكتاب
999 _c44726
_d44726